000 03765nam a22004577a 4500
999 _c6603
_d6603
003 OSt
005 20260409135636.0
008 190228c xxuf||p| |||| 00| 0 spa d
040 _cPJ
245 1 0 _aRevista de derecho laboral :
_bprocedimiento laboral - V /
_cdirector Mario E. Ackerman.
260 _aSanta Fé :
_bRubinzal-Culzoni,
_c2021.
300 _a599p.
_c22 cm.
310 _asemestral
362 _aNo.2 (2021)
505 _tConstitucionalidad de la competencia asignada a las comisiones médicas - el fallo “pogonza c/galeno art sa”. ¿el fin de la historia? /
_rMiguel Ángel Maza.
505 _tEl procedimiento especial para la cobertura de la covid-19 como “enfermedad profesional no listada”/
_r Mario E. Ackerman.
505 _tTres impactos procesales del convenio 190: crisis de la conciliación del artículo 15 de la lct - reconfiguración de la lrt e inversión de cargas probatorias (sin “pellicori” /
_r César Arese.
505 _tAnálisis sobre aspectos del procedimiento administrativo ante la comisión médica jurisdiccional a la luz de la jurisprudencia de la justicia nacional del trabajo /
_rGraciela González.
505 _tAspectos procesales y prácticos de la adhesión santafesina a la ley 27.348 - la pérdida del último bastión /
_rAníbal Cuadrado.
505 _tTemis y penia: del mito a la realidad - la condición de pobreza como fundamento jurídico de un proceso laboral urgente una mirada desde el derecho internacional de los derechos humanos /
_rRicardo León.
505 _tCarga de la prueba y estándar probatorio de la parte actora en juicios por discriminación laboral /
_rSebastián Coppoletta.
505 _tLas cargas probatorias en los juicios laborales y las presunciones previstas en la ley de contrato de trabajo /
_r Silvia E. Pinto Varela.
505 _tAudiencias testimoniales 2021 en la justicia laboral. “qué y cuándo”. las audiencias a partir de ahora /
_rAgustín A. Adam.
505 _tCongruencia y traba de litis /
_r Carlos Alberto Livellara.
505 _tEfectos de la sentencia de condena con relación a terceros /
_r Osvaldo Maddaloni.
505 _tResponsables solidarios en derecho del trabajo - algunas cuestiones procesales /
_r Diego Martín Tosca.
505 _tLas acciones de clase para la defensa de derechos individuales homogéneos en materia laboral /
_r Jorge Elías.
505 _tPara reemplazar el pacto de cuota litis en los créditos laborales sin “daños colaterales” /
_rMario E. Ackerman.
505 _tInversión y caducidad de prueba en el ordenamiento procesal de mendoza /
_rSebastián Godoy Lemos.
505 _tEl nuevo impulso del procedimiento laboral en mendoza /
_rMartín Zangrandi.
505 _tTres propuestas actualmente factibles para mejorar la calidad de los procesos laborales en la provincia de buenos aires ante la suspendida reforma de la ley 15.057 /
_r Miguel Ángel Maza.
505 _tEl proceso judicial digital en la provincia de buenos aires /
_r Emilio Romualdi.
505 _tLa audiencia de conciliación y traba de la litis en el procedimiento laboral ordinario de catamarca /
_rMaría Simes y Fernando Javier Oviedo.
505 _tEl rol del empresario en el procedimiento de resolución del conflicto de encuadramiento sindical /
_r Horacio Las Heras.
505 _tSumarios y sistematización de fallos /
_rMaría Isabel Sforsini y Diego Guirado Colaborador: Nahuel Nehuen Espinillo.
650 0 _91316
_aDERECHO LABORAL
650 0 _91514
_aPROCEDIMIENTO LABORAL
700 _91423
_aAckermann, Mario Eduardo
_edirector
856 _uhttps://www.rubinzal.com.ar/revistas/revista-de-derecho-laboral/5/?home=1
_yRubinzal Culzoni Editores
942 _2udc
_cPP
_h347.1(05)
_iREV